[Event "Goldener Springer 2019"]
[Site "Frankfurt-Griesheim"]
[Date "2019.??.??"]
[Round "5"]
[White "Pessotschinski, Eduard"]
[Black "Eckert, Michael"]
[Result "0-1"]
[WhiteElo "1414"]
[BlackElo "1536"]
[PlyCount "108"]
[EventDate "2019.??.??"]
[WhiteTeam "TuS Makkabi"]
[BlackTeam "SK Herborn"]

1. e4 c5 2. Nc3 Nc6 3. f4 b6 4. d3 Bb7 5. Nf3 e6 6. Be2 d5 7. exd5 exd5 8. d4
Nf6 9. O-O Ne4 10. Be3 Qd7 11. Bb5 O-O-O 12. Ne5 Qc7 13. Nxc6 Bxc6 14. Ba6+ Bb7
15. Nb5 Qb8 16. Qg4+ Rd7 17. Bxb7+ Qxb7 18. dxc5 bxc5 19. a4 h5 20. Qf5 h4 21.
Rfd1 g6 22. Qe5 Rh5 23. Qe8+ Rd8 24. Nxa7+ Qxa7 25. Qc6+ Kb8 26. c4 d4 27. Qxe4
Rd7 28. Bf2 Re7 29. Qf3 Qb7 30. Qxb7+ Rxb7 31. Rab1 Bd6 32. g3 hxg3 33. Bxg3 f5
34. Re1 Re7 35. Rxe7 Bxe7 36. Re1 Rh7 37. Re6 Rg7 38. Kg2 Kb7 39. b3 Bd8 40.
Be1 g5 41. Bd2 gxf4+ 42. Kf3 Bc7 43. Bxf4 Bxf4 44. Kxf4 Rg2 45. Rh6 Rf2+ 46.
Ke5 d3 47. h4 d2 48. Rd6 f4 49. h5 f3 50. Ke4 Kc7 51. Rd3 Rh2 52. Ke3 f2 53.
Ke2 Rh1 54. h6 f1=Q+ 0-1

[Event "Goldener Springer 2019"]
[Site "Frankfurt-Griesheim"]
[Date "2019.??.??"]
[Round "5"]
[White "Gerhard, Dominik"]
[Black "Pessotschinski, Lars"]
[Result "1-0"]
[WhiteElo "1785"]
[BlackElo "1563"]
[PlyCount "51"]
[EventDate "2019.??.??"]
[WhiteTeam "SV Oberursel"]
[BlackTeam "TuS Makkabi"]

1. e4 c5 2. Nc3 Nc6 3. Bb5 d6 4. Bxc6+ bxc6 5. f4 g6 6. d3 Bg7 7. Nf3 Qc7 8.
O-O f5 9. Qe1 Nf6 10. e5 dxe5 11. Nxe5 Nd5 12. Na4 Qd6 13. Kh1 Ba6 14. Qf2 Bxe5
15. fxe5 Qxe5 16. Nxc5 Bc8 17. d4 Qf6 18. Bh6 g5 19. Bxg5 Qxg5 20. c4 Ne3 21.
Rfe1 Nxc4 22. Qe2 Nd6 23. Ne6 Bxe6 24. Qxe6 Rg8 25. g3 Qg6 26. Qxe7# 1-0

[Event "Goldener Springer 2019"]
[Site "Frankfurt-Griesheim"]
[Date "2019.??.??"]
[Round "6"]
[White "Zuyev, Igor"]
[Black "Poetsch, Hagen"]
[Result "1/2-1/2"]
[WhiteElo "2441"]
[BlackElo "2510"]
[PlyCount "32"]
[EventDate "2019.??.??"]
[WhiteTeam "SC Heusenstamm"]
[BlackTeam "SC Heusenstamm"]

1. e4 c5 2. Nc3 d6 3. f4 g6 4. Nf3 Bg7 5. Bb5+ Bd7 6. Bxd7+ Qxd7 7. d4 cxd4 8.
Nxd4 Nc6 9. Be3 Nf6 10. h3 O-O 11. Qd3 Rac8 12. O-O Nh5 13. Nde2 Rfd8 14. Rad1
Nf6 15. a3 Na5 16. b3 b6 1/2-1/2

[Event "Goldener Springer 2019"]
[Site "Frankfurt-Griesheim"]
[Date "2019.??.??"]
[Round "6"]
[White "Rondonuwu, Grover"]
[Black "Pham, Phuong Bao"]
[Result "1-0"]
[WhiteElo "2086"]
[BlackElo "1806"]
[PlyCount "57"]
[EventDate "2019.??.??"]
[WhiteTeam "Frankfurter TV"]
[BlackTeam "Frankfurter TV"]

1. d4 d5 2. c4 c6 3. cxd5 cxd5 4. Nc3 Nf6 5. Nf3 a6 6. Bf4 Nc6 7. e3 Bg4 8. Be2
h6 9. O-O Rc8 10. Rc1 b5 11. Ne5 Bxe2 12. Qxe2 Qb6 13. Nb1 e6 14. Rc2 Nd7 15.
Rfc1 Ndxe5 16. Bxe5 Kd7 17. Nd2 f6 18. Bg3 Bb4 19. Nb3 Na5 20. Rc7+ Rxc7 21.
Rxc7+ Kd8 22. Nxa5 Bxa5 23. Rxg7 Qc6 24. h3 Qc1+ 25. Kh2 Bd2 26. Qg4 Re8 27.
Qf4 f5 28. Qb8+ Qc8 29. Bc7# 1-0

[Event "Goldener Springer 2019"]
[Site "Frankfurt-Griesheim"]
[Date "2019.??.??"]
[Round "6"]
[White "Henrich, David"]
[Black "Klundt, Klaus"]
[Result "1/2-1/2"]
[WhiteElo "2178"]
[BlackElo "2309"]
[PlyCount "29"]
[EventDate "2019.??.??"]
[WhiteTeam "Frankfurter TV"]
[BlackTeam "SC Heusenstamm"]

1. c4 e6 2. Nf3 Nf6 3. e3 d5 4. Nc3 c5 5. cxd5 exd5 6. Bb5+ Bd7 7. Bxd7+ Qxd7
8. d4 Nc6 9. dxc5 Bxc5 10. O-O O-O 11. a3 Rad8 12. Nb5 a6 13. Nbd4 Ne4 14. Nxc6
Qxc6 15. b4 1/2-1/2

[Event "Goldener Springer 2019"]
[Site "Frankfurt-Griesheim"]
[Date "2019.??.??"]
[Round "6"]
[White "Olesiak, Marcin"]
[Black "Hankel, Dennis"]
[Result "1/2-1/2"]
[WhiteElo "2033"]
[BlackElo "2118"]
[PlyCount "87"]
[EventDate "2019.??.??"]
[WhiteTeam "SV Oberursel"]
[BlackTeam "SF Neuberg"]

1. e4 c6 2. d4 d5 3. exd5 cxd5 4. Bd3 Nc6 5. c3 Nf6 6. Bf4 Bg4 7. Qb3 Qd7 8.
Nd2 e6 9. Ngf3 Bxf3 10. Nxf3 Bd6 11. Bxd6 Qxd6 12. Qxb7 O-O 13. O-O Rab8 14.
Qa6 Rb6 15. Qa3 Qxa3 16. bxa3 Rc8 17. Rab1 Nd7 18. Nd2 Na5 19. Rxb6 Nxb6 20.
Rc1 Na4 21. Nb1 Rb8 22. Bc2 Nb6 23. Nd2 Kf8 24. f3 Ke7 25. Kf2 Kd6 26. Ke2 Rc8
27. Kd3 Nac4 28. Nxc4+ Nxc4 29. a4 Nb2+ 30. Kd2 Nc4+ 31. Kd3 e5 32. dxe5+ Nxe5+
33. Kd2 Nc4+ 34. Kd3 Re8 35. Bb3 Re3+ 36. Kd4 Re2 37. Rc2 Rxc2 38. Bxc2 Ne5 39.
Bd3 Nc6+ 40. Ke3 Kc5 41. Bb5 Ne7 42. g3 a5 43. Kd3 Nf5 44. Bd7 1/2-1/2

[Event "Goldener Springer 2019"]
[Site "Frankfurt-Griesheim"]
[Date "2019.??.??"]
[Round "6"]
[White "Bakiev, Diyor"]
[Black "Hahn, Florian"]
[Result "1/2-1/2"]
[WhiteElo "1918"]
[BlackElo "2173"]
[PlyCount "145"]
[EventDate "2019.??.??"]
[WhiteTeam "SV Ffm-Griesheim"]
[BlackTeam "SC Herborn"]

1. e4 c5 2. c3 g6 3. d4 cxd4 4. cxd4 d5 5. exd5 Nf6 6. Nc3 Bg7 7. Nge2 Nxd5 8.
g3 Nxc3 9. Nxc3 Bxd4 10. Bh6 Bxc3+ 11. bxc3 Qxd1+ 12. Rxd1 Nc6 13. Bb5 Bd7 14.
Bxc6 Bxc6 15. O-O f6 16. Be3 Kf7 17. a3 h5 18. h4 Bb5 19. Rfe1 Rhc8 20. Rc1 Rc4
21. f4 a6 22. Bd4 Rd8 23. Rb1 Rd5 24. Rb4 Rc8 25. Rb2 Re8 26. Rf2 Bc4 27. Rb2
Bb5 28. Rf2 Bc6 29. Rff1 Ra5 30. Ra1 Rf5 31. Rae1 Rd8 32. Rf2 Rd7 33. Ref1 Ra5
34. Ra1 Rdd5 35. Re2 Rd7 36. Re3 Bd5 37. Re2 Rd6 38. Rb2 Bc6 39. Re2 Rb5 40.
Rae1 Rd7 41. Kf2 Bd5 42. Rc2 Rc7 43. Rcc1 Rc4 44. Rb1 Ra5 45. Rb4 Rxa3 46. Rxc4
Ra2+ 47. Re2 Rxe2+ 48. Kxe2 Bxc4+ 49. Ke3 Ke6 50. Bc5 Kd7 51. Kd4 Bf1 52. Bb4
b6 53. Ba3 e6 54. Bf8 Bg2 55. Ba3 Bf3 56. Bf8 Bd5 57. Ba3 Bb3 58. Bf8 a5 59.
Ba3 Ba2 60. Bf8 Kc6 61. Be7 e5+ 62. fxe5 fxe5+ 63. Kxe5 Kb5 64. Kd4 Ka4 65. Bd8
b5 66. Bc7 Bb1 67. Ke3 b4 68. cxb4 axb4 69. Kd2 Kb3 70. Kc1 Bf5 71. Be5 Ka2 72.
Bf6 b3 73. Be5 1/2-1/2

[Event "Goldener Springer 2019"]
[Site "Frankfurt-Griesheim"]
[Date "2019.??.??"]
[Round "6"]
[White "Kolker, Vladislav"]
[Black "Stock, Juergen"]
[Result "1-0"]
[WhiteElo "2010"]
[BlackElo "1942"]
[PlyCount "42"]
[EventDate "2019.??.??"]
[WhiteTeam "SC Bad Nauheim"]
[BlackTeam "Sfr. Kelkheim"]

1. e4 e6 2. Nf3 d5 3. e5 c5 4. b4 cxb4 5. a3 Nc6 6. axb4 Bxb4 7. c3 Be7 8. d4
f6 9. Bd3 Qc7 10. Bf4 fxe5 11. Nxe5 Nxe5 12. Bxe5 Bd6 13. Qh5+ Kf8 14. f4 Bd7
15. O-O Be8 16. Qg4 Qe7 17. f5 exf5 18. Rxf5+ Nf6 19. Qf4 Bg6 20. Bxd6 Bxf5 21.
Bxe7+ Kxe7 1-0

[Event "Goldener Springer 2019"]
[Site "Frankfurt-Griesheim"]
[Date "2019.??.??"]
[Round "6"]
[White "Weiland, Thomas"]
[Black "Yaghi, Rita"]
[Result "1/2-1/2"]
[WhiteElo "1800"]
[BlackElo "1743"]
[PlyCount "125"]
[EventDate "2019.??.??"]
[WhiteTeam "SV Oberursel"]
[BlackTeam "SK Marburg"]

1. c4 e6 2. Nf3 d5 3. cxd5 exd5 4. d4 Nf6 5. Nc3 c6 6. g3 Bd6 7. Bg2 O-O 8. O-O
Bf5 9. Nh4 Be6 10. Re1 Nbd7 11. a3 c5 12. dxc5 Nxc5 13. Nf3 Qb6 14. Nd4 Rad8
15. e3 a5 16. a4 Rfe8 17. Ncb5 Bb8 18. b3 Bg4 19. f3 Bh5 20. Qd2 Bg6 21. Bf1
Be5 22. Bb2 Rc8 23. Qd1 Qd8 24. Rc1 h6 25. Ba3 Qb6 26. Rc3 Ne6 27. Rxc8 Rxc8
28. Nxe6 fxe6 29. Bd3 Be8 30. Kg2 Nd7 31. Qb1 Nc5 32. Rc1 Bd7 33. Bg6 Bxb5 34.
axb5 Qxb5 35. b4 axb4 36. Qxb4 Qxb4 37. Bxb4 b6 38. f4 Bb8 39. Kf3 Rc7 40. Ba3
Kf8 41. Rb1 Ba7 42. h4 Ke7 43. g4 Kd7 44. h5 Na4 45. g5 Rc8 46. f5 hxg5 47. Kg4
Rc4+ 48. Kxg5 Nc3 49. fxe6+ Kxe6 50. Bf5+ Kf7 51. Rf1 Kg8 52. Be6+ Kh7 53. Rf8
Ne4+ 54. Kf5 Ng3+ 55. Ke5 b5 56. Bxd5 Rh4 57. Bg8+ Kh6 58. Bd5 Rxh5+ 59. Ke6
Bxe3 60. Bc6 Nf5 61. Rh8+ Kg5 62. Rxh5+ Kxh5 63. Kxf5 1/2-1/2

[Event "Goldener Springer 2019"]
[Site "Frankfurt-Griesheim"]
[Date "2019.??.??"]
[Round "6"]
[White "Shashkin, Igor"]
[Black "Emig, Nils"]
[Result "1/2-1/2"]
[WhiteElo "2077"]
[BlackElo "1744"]
[PlyCount "66"]
[EventDate "2019.??.??"]
[WhiteTeam "SV Oberursel"]
[BlackTeam "SK Marburg"]

1. e4 c5 2. c3 Nf6 3. e5 Nd5 4. d4 d6 5. Nf3 e6 6. dxc5 dxc5 7. Bd3 Nc6 8. O-O
Qc7 9. Qe2 g6 10. Re1 Bg7 11. h4 h6 12. Qe4 h5 13. Nbd2 Nb6 14. Nf1 Nd7 15. Bf4
a6 16. a4 b6 17. N1d2 Bb7 18. Qe2 Ne7 19. Nc4 Nc8 20. Ng5 Bd5 21. Qc2 O-O 22.
Re2 Rb8 23. Rae1 b5 24. axb5 axb5 25. Nd2 Ne7 26. Ndf3 c4 27. Be4 Bxe4 28. Nxe4
Nc5 29. Nxc5 Qxc5 30. Ng5 Nd5 31. Bd2 Rb7 32. Nf3 Rfb8 33. Re4 b4 1/2-1/2

[Event "Goldener Springer 2019"]
[Site "Frankfurt-Griesheim"]
[Date "2019.??.??"]
[Round "6"]
[White "Mehlen, Theodor"]
[Black "Engel, Jan"]
[Result "1/2-1/2"]
[WhiteElo "1862"]
[BlackElo "1860"]
[PlyCount "154"]
[EventDate "2019.??.??"]
[WhiteTeam "SC Matt im Park"]
[BlackTeam "Frankfurter TV"]

1. e4 c5 2. Nc3 Nc6 3. f4 g6 4. Nf3 Bg7 5. Bb5 e6 6. O-O Nge7 7. Qe1 O-O 8. a3
a6 9. Bc4 d5 10. Ba2 d4 11. Ne2 d3 12. cxd3 Qxd3 13. Bb1 Qd7 14. d3 b6 15. Qh4
Bb7 16. f5 exf5 17. Bh6 Qd6 18. Bxg7 Kxg7 19. Nf4 Nd4 20. Ba2 Rae8 21. Kh1 Qf6
22. Qg3 Kh8 23. e5 Qg7 24. Ng5 Nec6 25. e6 Nxe6 26. Bxe6 fxe6 27. Nfxe6 Qd7 28.
Nxf8 Rxf8 29. Rfe1 Nd4 30. Qe5+ Qg7 31. Qxg7+ Kxg7 32. Re7+ Kf6 33. Rxb7 Kxg5
34. Re1 Rf6 35. Rxh7 Ne6 36. g3 f4 37. gxf4+ Nxf4 38. Rg1+ Kf5 39. Rf1 Kg5 40.
h4+ Kg4 41. Rg1+ Kf5 42. Rg5+ Ke6 43. Rb7 Nd5 44. Rg1 Kf5 45. Rg5+ Ke6 46. Kg1
Kd6 47. Rb8 Ke6 48. Re8+ Kf7 49. Re1 Nf4 50. Rg3 Nh5 51. Rge3 Rd6 52. Rf1+ Nf6
53. Kf2 Kg7 54. Ke2 Kh6 55. Kd2 Kh5 56. Ref3 Ng4 57. Rf4 Ne5 58. Rf6 Rxd3+ 59.
Kc2 Rg3 60. Rxb6 Nc4 61. Rff6 Nxb6 62. Rxb6 Kxh4 63. Rxa6 g5 64. Rc6 Rg2+ 65.
Kc3 Rg1 66. Rh6+ Kg4 67. b3 Rf1 68. Kc4 Rf5 69. a4 Kf3 70. a5 g4 71. Rg6 g3 72.
a6 Rf4+ 73. Kxc5 Rg4 74. Rxg4 Kxg4 75. a7 g2 76. a8=Q g1=Q+ 77. Kd6 Qg3+
1/2-1/2

[Event "Goldener Springer 2019"]
[Site "Frankfurt-Griesheim"]
[Date "2019.??.??"]
[Round "6"]
[White "du Maire, Jerome"]
[Black "Rabiya, Karim"]
[Result "0-1"]
[WhiteElo "2148"]
[BlackElo "1794"]
[PlyCount "100"]
[EventDate "2019.??.??"]
[WhiteTeam "Frankfurter TV"]
[BlackTeam "SK Niederbrechen"]

1. d4 Nf6 2. c4 e6 3. g3 c5 4. d5 e5 5. Nc3 d6 6. Bg2 Be7 7. e4 Na6 8. Nge2 Nc7
9. O-O a6 10. a4 Rb8 11. Qd3 h6 12. f4 Nd7 13. a5 g5 14. fxg5 hxg5 15. Qf3 Rf8
16. Bh3 Bf6 17. Bf5 Be7 18. Qh5 Bf6 19. Qh6 Be7 20. Kg2 b5 21. axb6 Nxb6 22. b3
Bxf5 23. Rxf5 Nd7 24. Ra3 Rg8 25. Qh7 Rf8 26. Qh5 Nf6 27. Qf3 Ng8 28. Qd3 Nh6
29. Rf1 Qd7 30. h3 Rh8 31. g4 f6 32. Qf3 Kd8 33. Ng3 Kc8 34. Nd1 Kb7 35. Ne3
Ne8 36. Nh5 Rg8 37. Bd2 Ng7 38. Nxf6 Bxf6 39. Qxf6 Rh8 40. Qf3 Rbf8 41. Qe2 Rf4
42. Nf5 Ngxf5 43. exf5 Nxf5 44. gxf5 Qxf5 45. Bxf4 Qxh3+ 46. Kf2 gxf4 47. Ke1
Qg3+ 48. Rf2 Qc3+ 49. Kd1 Rh1+ 50. Rf1 f3 0-1

[Event "Goldener Springer 2019"]
[Site "Frankfurt-Griesheim"]
[Date "2019.??.??"]
[Round "6"]
[White "Calvi, Stefan"]
[Black "Varma, Christopher"]
[Result "1-0"]
[WhiteElo "2007"]
[BlackElo "1814"]
[PlyCount "41"]
[EventDate "2019.??.??"]
[WhiteTeam "SF Frankfurt"]
[BlackTeam "SV Oberursel"]

1. e4 d5 2. exd5 Qxd5 3. Nc3 Qd8 4. d4 c6 5. Bc4 Bf5 6. Nf3 e6 7. Ne5 Nd7 8.
Qe2 Ngf6 9. O-O Be7 10. Bb3 O-O 11. Bf4 Nd5 12. Bg3 Nxc3 13. bxc3 Nxe5 14. Bxe5
c5 15. Rad1 cxd4 16. cxd4 Bd6 17. d5 Bxe5 18. Qxe5 Qb6 19. dxe6 Bxe6 20. Rd6
Qc7 21. Rxe6 1-0

[Event "Goldener Springer 2019"]
[Site "Frankfurt-Griesheim"]
[Date "2019.??.??"]
[Round "6"]
[White "Keller, Peter"]
[Black "Adamczyk, Matthias"]
[Result "1/2-1/2"]
[WhiteElo "2193"]
[BlackElo "2026"]
[PlyCount "174"]
[EventDate "2019.??.??"]
[WhiteTeam "Frankfurter TV"]
[BlackTeam "SC Weiterstadt"]

1. e4 c5 2. Nf3 e6 3. g3 d5 4. exd5 exd5 5. d4 Nc6 6. Bg2 Nf6 7. O-O Be7 8.
dxc5 Bxc5 9. Re1+ Ne4 10. Be3 Bxe3 11. Rxe3 O-O 12. c3 Be6 13. Nbd2 f5 14. Re2
Qf6 15. Nb3 Bf7 16. Nbd4 Rad8 17. Qa4 Ra8 18. Rf1 a6 19. Nxc6 bxc6 20. Qd4 Bh5
21. Rc2 f4 22. Qxf6 Rxf6 23. gxf4 Rxf4 24. Nd4 Rf6 25. f3 Nc5 26. Rd2 Re8 27.
Re2 Nd3 28. Rxe8+ Bxe8 29. b4 Bd7 30. Rd1 Nf4 31. Kf2 Bh3 32. Bxh3 Nxh3+ 33.
Ke3 Nf4 34. Rd2 g5 35. a4 Kf7 36. a5 Ke8 37. Nb3 Ne6 38. Rg2 Kd7 39. Rg4 h5 40.
Rg1 Kd6 41. h4 gxh4 42. Rh1 Ng5 43. Nd4 h3 44. f4 Ne6 45. Ne2 c5 46. Rxh3 Ng7
47. Kf3 Kc6 48. bxc5 Kxc5 49. Ng3 Rh6 50. f5 h4 51. Kf4 Kc4 52. Ke5 Rh8 53. Kf6
Ne8+ 54. Ke7 Kxc3 55. f6 Nxf6 56. Kxf6 Rf8+ 57. Ke7 Rb8 58. Nf5+ Kb4 59. Nd4
Rh8 60. Nc6+ Kc4 61. Kd6 Rh6+ 62. Kc7 d4 63. Kb7 Kc5 64. Nb8 Kb5 65. Kc7 Kc4
66. Nc6 Kc5 67. Ne5 Rh7+ 68. Kb8 Kd5 69. Nd3 Kd6 70. Nb4 Kc5 71. Nxa6+ Kb5 72.
Nc7+ Kxa5 73. Ne6 Kb6 74. Kc8 d3 75. Rxd3 Kc6 76. Kd8 h3 77. Nd4+ Kd5 78. Nf3+
Kc4 79. Rd1 Kc5 80. Ke8 Rh5 81. Ke7 Rf5 82. Nh2 Rf2 83. Rh1 Kd5 84. Nf1 Rf3 85.
Nh2 Rf2 86. Nf1 Rf3 87. Nh2 Rf2 1/2-1/2

[Event "Goldener Springer 2019"]
[Site "Frankfurt-Griesheim"]
[Date "2019.??.??"]
[Round "6"]
[White "Schellen, Sven"]
[Black "Rutsatz, Mario"]
[Result "1-0"]
[WhiteElo "1858"]
[BlackElo "2017"]
[PlyCount "41"]
[EventDate "2019.??.??"]
[WhiteTeam "SF Frankfurt"]
[BlackTeam "SF Frankfurt"]

1. d4 Nf6 2. c4 e6 3. Nf3 Bb4+ 4. Nbd2 d5 5. g3 dxc4 6. Bg2 c3 7. bxc3 Bxc3 8.
Rb1 Nc6 9. e3 O-O 10. O-O Rb8 11. Ba3 Re8 12. Qc2 Bxd2 13. Nxd2 Bd7 14. Rfc1 e5
15. d5 Ne7 16. Bxe7 Qxe7 17. Qxc7 e4 18. Rxb7 Rbc8 19. Qxc8 Rxc8 20. Rxc8+ Ne8
21. Bh3 1-0

[Event "Goldener Springer 2019"]
[Site "Frankfurt-Griesheim"]
[Date "2019.??.??"]
[Round "6"]
[White "John, Volkmar"]
[Black "Strache, Rolf"]
[Result "1/2-1/2"]
[WhiteElo "1688"]
[BlackElo "1536"]
[PlyCount "128"]
[EventDate "2019.??.??"]
[WhiteTeam "SC Herborn"]
[BlackTeam "SK Herborn"]

1. Nf3 d5 2. d4 Nf6 3. c4 e6 4. g3 c5 5. cxd5 exd5 6. Bg2 Nc6 7. Nc3 Be7 8. O-O
O-O 9. Bg5 cxd4 10. Nxd4 h6 11. Bf4 a6 12. Rc1 Re8 13. Qd2 Bb4 14. Nxc6 bxc6
15. Qd3 a5 16. Rfd1 Ba6 17. Qf5 Bc8 18. Qc2 Ba6 19. h4 Ng4 20. e4 Qb6 21. Bf3
Ne5 22. Bxe5 Rxe5 23. exd5 cxd5 24. Nxd5 Qa7 25. Nxb4 axb4 26. Bxa8 Qxa8 27.
Qc7 Re8 28. Rd7 Rc8 29. Qf4 Rxc1+ 30. Qxc1 Kh7 31. Rxf7 Qd5 32. Rc7 Bb7 33.
Qc2+ Kh8 34. Rc8+ Bxc8 35. Qxc8+ Kh7 36. Qc2+ Kh8 37. Qb3 Qe4 38. a4 Qe1+ 39.
Kg2 Qe4+ 40. Kf1 Qh1+ 41. Ke2 Qe4+ 42. Qe3 Qc2+ 43. Qd2 Qe4+ 44. Kd1 b3 45. a5
Qh1+ 46. Qe1 Qd5+ 47. Kc1 Qc4+ 48. Kb1 Qa4 49. Qc3 Qe4+ 50. Kc1 Qh1+ 51. Kd2
Qd5+ 52. Ke3 Qe6+ 53. Kd4 Qf6+ 54. Kc4 Qxf2 55. Kxb3 Qf7+ 56. Ka3 Qe7+ 57. b4
Qd6 58. Ka4 Qd1+ 59. Qb3 Qa1+ 60. Kb5 Qe5+ 61. Kc6 Qe8+ 62. Kb6 Qb8+ 63. Kc5
Qc7+ 64. Kd4 Qd6+ 1/2-1/2

[Event "Goldener Springer 2019"]
[Site "Frankfurt-Griesheim"]
[Date "2019.??.??"]
[Round "6"]
[White "Keuth, Gerd Erich"]
[Black "Urbach, Jens"]
[Result "1-0"]
[WhiteElo "2016"]
[BlackElo "1508"]
[PlyCount "65"]
[EventDate "2019.??.??"]
[WhiteTeam "SC Herborn"]
[BlackTeam "SF Frankfurt"]

1. c4 e5 2. Nc3 Nf6 3. Nf3 Nc6 4. e3 Bb4 5. Qc2 O-O 6. Nd5 e4 7. Nxf6+ Qxf6 8.
Qxe4 d6 9. Bd3 Qg6 10. Qxg6 fxg6 11. a3 Bc5 12. b4 Bb6 13. Bb2 Bg4 14. Be2 Rae8
15. h3 Bxf3 16. Bxf3 Ne5 17. Be2 a5 18. d4 Nd7 19. c5 dxc5 20. bxc5 Ba7 21. O-O
Nf6 22. a4 Ne4 23. Ba3 Rf6 24. Bf3 Nd2 25. Bd5+ Kh8 26. Rfd1 Ne4 27. Bxe4 Rxe4
28. Rab1 b6 29. Rdc1 h6 30. cxb6 Rxb6 31. Rxb6 Bxb6 32. Rc6 Kh7 33. Bc5 1-0

[Event "Goldener Springer 2019"]
[Site "Frankfurt-Griesheim"]
[Date "2019.??.??"]
[Round "6"]
[White "Ostermeier, Thorsten"]
[Black "Gerhard, Dominik"]
[Result "1/2-1/2"]
[WhiteElo "1976"]
[BlackElo "1785"]
[PlyCount "136"]
[EventDate "2019.??.??"]
[WhiteTeam "SF Frankfurt"]
[BlackTeam "SV Oberursel"]

1. d4 Nf6 2. Nf3 g6 3. c4 Bg7 4. Nc3 d6 5. h3 O-O 6. g4 e5 7. dxe5 dxe5 8. Qxd8
Rxd8 9. Nxe5 Be6 10. Bg2 c6 11. Bg5 h6 12. Bh4 g5 13. Bg3 Nbd7 14. O-O Nxe5 15.
Bxe5 Bxc4 16. b3 Re8 17. Bxf6 Bxf6 18. bxc4 Bxc3 19. Rac1 Ba5 20. e3 Re7 21.
Rb1 Rd8 22. Rb3 Rd2 23. Rfb1 Bb6 24. c5 Bxc5 25. Rxb7 Rxa2 26. Bxc6 Kf8 27.
Rb8+ Kg7 28. Rc8 Rd2 29. Rbb8 Rd6 30. Rg8+ Kf6 31. Rh8 Ke5 32. Ba4 Rf6 33. Rh7
Rc7 34. Re8+ Re7 35. Reh8 a5 36. Rxh6 Rxh6 37. Rxh6 f6 38. h4 gxh4 39. Rh5+ Kd6
40. Rxh4 Rg7 41. Kf1 Bb4 42. Ke2 Kc5 43. Kd3 Kd6 44. f3 Rg5 45. Bb3 Rc5 46. Bc4
a4 47. Rh6 Ke7 48. Rh7+ Kd8 49. Rf7 Rc6 50. Rb7 Bc5 51. Bb5 Rd6+ 52. Ke4 a3 53.
Bc4 Rb6 54. Rf7 Be7 55. Rh7 Rb2 56. Rh8+ Kc7 57. Ra8 Rb8 58. Ra4 Rb4 59. Rxb4
Bxb4 60. Kf5 Bc3 61. Ke6 Kd8 62. Kf7 Kd7 63. f4 Bd2 64. Kxf6 Bxe3 65. f5 Bd4+
66. Kf7 Kd6 67. g5 Ke5 68. Be6 a2 1/2-1/2

[Event "Goldener Springer 2019"]
[Site "Frankfurt-Griesheim"]
[Date "2019.??.??"]
[Round "6"]
[White "Markosyan, Aleksandr"]
[Black "Eckert, Michael"]
[Result "0-1"]
[WhiteElo "1578"]
[BlackElo "1536"]
[PlyCount "148"]
[EventDate "2019.??.??"]
[WhiteTeam "SG Idstein"]
[BlackTeam "SK Herborn"]

1. e4 c5 2. Nf3 Nc6 3. Bb5 Nf6 4. d3 g6 5. c3 Bg7 6. O-O O-O 7. Nbd2 a6 8. Ba4
b5 9. Bc2 Bb7 10. Re1 d6 11. d4 cxd4 12. cxd4 e6 13. Nf1 Rc8 14. Bg5 h6 15. Be3
Nb4 16. Bb1 Bxe4 17. a3 Bxb1 18. axb4 Bc2 19. Qd2 Ne4 20. Qe2 Rc6 21. Rec1 Qc7
22. h3 Rc8 23. Bf4 Qb6 24. Ne1 Qc7 25. Qf3 Bxd4 26. Rxc2 Rxc2 27. Qxe4 Bxf2+
28. Kh2 Rc4 29. Qf3 Bxe1 30. Rxe1 Rxb4 31. Bxh6 Qe7 32. Rd1 Rxb2 33. Kh1 d5 34.
Qe3 Qf6 35. Nd2 Rcc2 36. Rf1 Qe7 37. Qe5 f5 38. Ra1 Ra2 39. Rd1 a5 40. Nf3 Re2
41. Qd4 Rxg2 42. Rd3 b4 43. Qe5 Kh7 44. Bf4 a4 45. Rxd5 b3 46. Rb5 Qd7 47. Nd4
b2 48. Rb8 Qg7 49. Qxg7+ Kxg7 50. Be5+ Kf7 51. Rb7+ Ke8 52. Rb8+ Kd7 53. Nf3
Kc6 54. Bc3 Rg3 55. Nd4+ Kc7 56. Rb3 Rxc3 57. Rxc3+ Kd6 58. Nb5+ Kd5 59. Nc7+
Ke4 60. Rc4+ Kd3 61. Rb4 Ra1+ 62. Kg2 b1=Q 63. Rxb1 Rxb1 64. Nxe6 a3 65. Nc5+
Kc4 66. Nd7 a2 67. Ne5+ Kd5 68. Nxg6 a1=Q 69. Nf4+ Ke4 70. h4 Kxf4 71. h5 Rb3
72. h6 Qh8 73. h7 Qxh7 74. Kg1 Rb2 0-1

[Event "Goldener Springer 2019"]
[Site "Frankfurt-Griesheim"]
[Date "2019.??.??"]
[Round "6"]
[White "Pessotschinski, Eduard"]
[Black "Pessotschinski, Lars"]
[Result "0-1"]
[WhiteElo "1414"]
[BlackElo "1563"]
[PlyCount "112"]
[EventDate "2019.??.??"]
[WhiteTeam "TuS Makkabi"]
[BlackTeam "TuS Makkabi"]

1. e4 c5 2. Nc3 Nc6 3. f4 d6 4. Bc4 g6 5. Nf3 Bg7 6. O-O a6 7. Ng5 e6 8. d3 b5
9. Bb3 h6 10. Nf3 Nf6 11. e5 dxe5 12. fxe5 Ng4 13. Ne4 Ngxe5 14. Nxc5 Qb6 15.
Be3 Nd7 16. d4 O-O 17. Re1 Rd8 18. Nxd7 Rxd7 19. d5 Qd8 20. c3 Bb7 21. dxc6
Rxd1 22. Rexd1 Qc7 23. cxb7 Qxb7 24. Rd3 e5 25. Rad1 Qe4 26. Rd8+ Rxd8 27.
Rxd8+ Kh7 28. Bxf7 Qxe3+ 29. Kf1 Qc1+ 30. Kf2 Qxb2+ 31. Kg3 Qxc3 32. Kf2 Qc7
33. Bg8+ Kh8 34. Ra8 Qc2+ 35. Kg3 Qc3 36. Kf2 Qc5+ 37. Ke2 Bf8 38. Bd5 Qxd5 39.
Rxf8+ Kg7 40. Re8 Qxa2+ 41. Kf1 b4 42. Rxe5 Qa1+ 43. Re1 Qf6 44. Ke2 b3 45. Kf2
Qd8 46. Ke2 Qd7 47. Rb1 Qc8 48. Rxb3 Qc4+ 49. Rd3 a5 50. Kd2 Qb4+ 51. Kc2 a4
52. Nd4 a3 53. Nb3 a2 54. Rd1 Qc4+ 55. Kb2 Kf6 56. Kxa2 Qc2+ 0-1